love is embarrassing - Olivia Rodrigo - Statistics

General Stats
  • This quiz has been taken 38 times
  • The average score is 220 of 255
Answer Stats
Hint Answer % Correct
a
100%
Bridge | Verse 1 I
100%
me
100%
my
100%
My
100%
so
100%
some
100%
then
100%
you
100%
You
100%
as
96%
be
96%
don't
96%
embarrassin'
96%
for
96%
For
96%
it
96%
Chorus It
96%
Just
96%
love's
96%
mean
96%
not
96%
now
96%
the
96%
thing
96%
were
96%
And
92%
and
92%
God
92%
in
92%
like
92%
Loser
92%
myself
92%
one
92%
what
92%
crucify
88%
friends
88%
from
88%
fuckin'
88%
girl
88%
hell
88%
high
88%
known
88%
school
88%
second
88%
told
88%
up
88%
watch
88%
week
88%
weird
88%
After
85%
bed
85%
give
85%
how
85%
mentioning
85%
month
85%
of
85%
stayed
85%
was
85%
When
85%
who's
85%
worth
85%
3
81%
but
81%
by
81%
embarrassing
81%
everything
81%
new
81%
string
81%
War
81%
World
81%
Chorus 'Cause
77%
could
77%
cried
77%
even
77%
fool
77%
guy
77%
I'd
77%
more
77%
need
77%
said
77%
started
77%
damn
73%
doin'?
73%
I'm
73%
kissed
73%
stupid?
73%
version
73%
back
69%
found
69%
goddamn
69%
phone
69%
space
69%
your
69%
comin'
65%
consoled
65%
it's
65%
keep
65%
marryin'
65%
never
65%
Over
65%
Waited
65%
while
65%
Outro Yeah
65%
yeah
65%
ex-girlfriend's
62%
near
62%
Jesus
58%
wedding
58%
anything
54%
plannin'
54%
with
54%
givin'
50%
out
50%
bets
46%
hey
35%
placed
35%
embarrasing
27%
No matching quizzes found
Score Distribution
Percent of People with Each Score
Percentile by Number Answered
Your Score History
You have not taken this quiz